| 000 | 00986nam a2200229 i 4500 | ||
|---|---|---|---|
| 001 | 188068 | ||
| 003 | SpMaBN | ||
| 005 | 20250917063103.0 | ||
| 008 | 180424s1976 sp af |||| | glg | ||
| 020 | _a84-7231-066-3 | ||
| 080 | _a74 Rodríguez Castelao, Alfonso | ||
| 100 | 1 |
_aCastelao, _d1886-1950 _936475 |
|
| 245 | 1 | 0 |
_a175 Dibuxos de Castelao _b: patrimonio artístico de la Caixa de Aforros de Galicia = Caja de Ahorros de Galicia / _c[liminar por Xose Filgueira Valverde]. |
| 250 |
_aEd. especial _bEd. no venal. |
||
| 260 |
_a[Santiago de Compostela] : _bConfederación Española de Cajas de Ahorros : _bServicio de Publicaciones de la Caja de Ahorros de Galicia, _c[1976] |
||
| 300 |
_a[9] p. : _bil., [165] h. de lám. ; _c34 cm. |
||
| 600 | 1 | 4 |
_aCastelao, _d1886-1950 _936475 |
| 700 | 1 |
_aFilgueira Valverde, José, _d1906-1996 _950833 |
|
| 710 | 2 |
_aConfederación Española de Cajas de Ahorros. _93148 |
|
| 852 |
_aES-MaACL _jL-31948 |
||
| 999 |
_c188068 _d188068 |
||